If Movie Characters Had Google Quiz Stats

 Plays Quiz Updated Mar 1, 2012

Challenge
Share
Tweet
Embed
Score 0/24 Timer 06:00
0 Plays Today
Google search Movie % Correct
How to see icebergs in the darkTitanic
89.6%
Are these the droids we're looking for?Star Wars
87.9%
Who is the fairest one of all?Snow White and the Seven Dwarfs
80.7%
DeLorean modification schematicsBack to the Future
80.2%
Wheeeerrrrre's Johnny?The Shining
78.8%
Offers I can't refuseThe Godfather
76.3%
Removing slime stains from proton packsGhostbusters
72.7%
Are we going to need a bigger boat?Jaws
72.1%
If I build it, who will come?Field of Dreams
65.1%
Do I feel lucky?Dirty Harry
60.5%
What does napalm smell like in the morning?Apocalypse Now
58.6%
Can you milk anything with nipples?Meet the Parents
53.5%
Google search Movie % Correct
Where the heck is Radiator Springs?Cars
47.5%
Are we on a Mission from God?Blues Brothers
45.4%
Getting blood stains out of a chipper-shredderFargo
44.9%
Where is the six-fingered man?The Princess Bride
37.9%
What is my major malfunction?Full Metal Jacket
27.1%
Somethin' 'bout birthin' babies!Gone With the Wind
21.2%
Do they have to show me stinkin' badges?Treasure of the Sierra Madre
19.5%
DIY CO2 scrubbersApollo 13
15.2%
He knows I am, but what is he?Pee-Wee's Big Adventure
9.6%
What stuff are dreams made of?The Maltese Falcon
7.1%
Have I heard anythin' yet?The Jazz Singer
4.3%
Is there a Sanity Clause?A Night At the Opera
3.6%

You're not logged in!

Compare scores with friends on all Sporcle quizzes.
Join for Free
OR
Log In

You Might Also Like...

Show Comments

Extras

Top Quizzes Today


Score Distribution

Your Account Isn't Verified!

In order to create a playlist on Sporcle, you need to verify the email address you used during registration. Go to your Sporcle Settings to finish the process.

Report this User

Report this user for behavior that violates our Community Guidelines.

Details: